Ampumahiihdon maailmancup - miesten top 3 - Statistics

Yleistilastot
  • Tätä visaa on pelattu 44 kertaa
  • Keskiarvotulos 47 / 75
Vastaustilastot
% Oikein
13-14 Johannes Thingnes
95%
15-16 Johannes Thingnes
95%
16-17 Johannes Thingnes
95%
17-18 Johannes Thingnes
95%
18-19 Johannes Thingnes
95%
19-20 Johannes Thingnes
95%
20-21 Johannes Thingnes
95%
22-23 Johannes Thingnes
95%
23-24 Johannes Thingnes
95%
24-25 Johannes Thingnes
95%
23-24 Tarjei
95%
10-11 Tarjei
95%
10-11 MartinFourcade
89%
11-12 MartinFourcade
89%
12-13 MartinFourcade
89%
13-14 MartinFourcade
89%
14-15 Martin Fourcade
89%
15-16 Martin Fourcade
89%
16-17 Martin Fourcade
89%
17-18 Martin Fourcade
89%
19-20 Martin Fourcade
89%
20-21 Sturla HolmLægreid
76%
21-22 Sturla HolmLægreid
76%
22-23 Sturla HolmLægreid
76%
24-25 Sturla Holm Lægreid
76%
00-01 Ole EinarBjørndalen
74%
01-02 Ole EinarBjørndalen
74%
02-03 Ole EinarBjørndalen
74%
03-04 Ole EinarBjørndalen
74%
04-05 Ole EinarBjørndalen
74%
05-06 Ole EinarBjørndalen
74%
06-07 Ole EinarBjørndalen
74%
07-08 Ole EinarBjørndalen
74%
08-09 Ole EinarBjørndalen
74%
24-25 ÉricPerrot
68%
18-19 QuentinFillon Maillet
68%
19-20 Quentin Fillon Maillet
68%
20-21 Quentin Fillon Maillet
68%
21-22 Quentin Fillon Maillet
68%
22-23 Vetle SjåstadChristiansen
61%
14-15 JakovFak
55%
21-22 SebastianSamuelsson
55%
07-08 Emil HegleSvendsen
53%
08-09 Emil HegleSvendsen
53%
09-10 Emil HegleSvendsen
53%
10-11 Emil HegleSvendsen
53%
11-12 Emil Hegle Svendsen
53%
12-13 Emil Hegle Svendsen
53%
13-14 Emil Hegle Svendsen
53%
00-01 RaphaëlPoirée
50%
01-02 RaphaëlPoirée
50%
03-04 RaphaëlPoirée
50%
04-05 RaphaëlPoirée
50%
05-06 Raphaël Poirée
50%
06-07 Raphaël Poirée
50%
18-19 AleksandrLoginov
42%
14-15 AntonŠipulin
39%
15-16 AntonŠipulin
39%
16-17 Anton Šipulin
39%
17-18 Anton Šipulin
39%
06-07 MichaelGreis
39%
11-12 AndreasBirnbacher
37%
04-05 SvenFischer
37%
05-06 SvenFischer
37%
12-13 DominikLandertinger
34%
23-24 JohannesDale-Skjevdal
34%
09-10 ChristophSumann
32%
00-01 FrodeAndresen
32%
02-03 RiccoGroß
32%
03-04 RiccoGroß
32%
08-09 TomaszSikora
32%
02-03 UladzimirDratšou
24%
07-08 DmitriJarošenko
21%
09-10 IvanTšerezov
18%
01-02 PavelRostovtsev
16%
Ehtoja vastaavia visoja ei löytynyt
Tulosjakauma
Jokaisen tuloksen saaneiden osuus
Persentiili vastausten määrän mukaan
Tuloshistoriasi
Et ole pelannut tätä visaa